Atención Primaria en Salud. (Registro nro. 235)
[ vista simple ]
| 000 -LEADER | |
|---|---|
| fixed length control field | 01580 am a2200373 a 4500 |
| 005 - FECHA ULTIMA MODIFICACION | |
| control field | 20240517133939.0 |
| 008 - CAMPO DE CONTROL (LIBRO) | |
| fixed length control field | 100407s2007||||ag ||||f |||| 000 0 spa d |
| 020 ## - INTERNATIONAL STANDARD BOOK NUMBER | |
| ISBN | 9789501245448 |
| 041 ## - CODIGO DE IDIOMA | |
| Código de idioma del texto/pista de sonido o título separado | spa |
| 092 ## - SIGNATURA TOPOGRAFICA DEWEY LOCAL | |
| número de clasificación | 614 |
| libristica | 51 |
| sección | MAC |
| 100 1# - ENTRADA PRINCIPAL--NOMBRE PERSONAL | |
| Nombre personal | Maceira, Daniel |
| Función | Comp. |
| 9 (RLIN) | 370 |
| 245 ## - TITULO PROPIAMENTE DICHO | |
| Título | Atención Primaria en Salud. |
| Subtítulo y Título paralelo | Enfoques Interdisciplinarios / |
| Mención de responsabilidad y remanente de la transcripción de la portada | Daniel Maceira |
| 250 ## - MENCION DE EDICION | |
| Mención de edición | 1a ed. |
| 260 ## - PIE DE IMPRENTA | |
| Lugar de publicación, distribución, etc | Buenos Aires: |
| Nombre de la editorial, distribuidor, etc | Paidós; |
| Fecha de publicación | 2007. |
| 300 ## - DESCRIPCION FISICA | |
| Extension | 240 p. |
| Dimensiones | 13x21 cm. |
| 500 ## - NOTA GENERAL | |
| Nota general | Maceira, D. (Comp.). et al. (2007). Atención Primaria en Salud. Enfoques Interdisciplinarios. (1a ed.). Buenos Aires : Paidós. |
| 653 ## - TÉRMINO INDIZADO - PALABRAS CLAVES | |
| Palabra clave | Estrategias comunicacionales en APS: el caso del programa de salud reproductiva de Mendoza |
| 653 ## - TÉRMINO INDIZADO - PALABRAS CLAVES | |
| Palabra clave | Participar en salud: un proceso en permanente construcción |
| 653 ## - TÉRMINO INDIZADO - PALABRAS CLAVES | |
| Palabra clave | Capacitación de RR.HH en APS: una visión desde la educación médica |
| 653 ## - TÉRMINO INDIZADO - PALABRAS CLAVES | |
| Palabra clave | APS y salud mental: la articulación entre dos utopías |
| 653 ## - TÉRMINO INDIZADO - PALABRAS CLAVES | |
| Palabra clave | Barreras invisibles y fracturas sociales: criminalización del uso de drogas y APS |
| 653 ## - TÉRMINO INDIZADO - PALABRAS CLAVES | |
| Palabra clave | APS y gestión. Un enfoque de integración y acción |
| 653 ## - TÉRMINO INDIZADO - PALABRAS CLAVES | |
| Palabra clave | Propuestas de evaluación de estrategias de APS. Aplicación al caso de la ciudad de Buenos Aires |
| 700 1# - ENTRADAS SECUNDARIAS - NOMBRE PERSONAL | |
| Nombre personal | Andia, Ana María |
| 9 (RLIN) | 371 |
| 700 1# - ENTRADAS SECUNDARIAS - NOMBRE PERSONAL | |
| Nombre personal | Cejas, Cintia A. |
| 9 (RLIN) | 372 |
| 700 1# - ENTRADAS SECUNDARIAS - NOMBRE PERSONAL | |
| Nombre personal | Durante, Eduardo |
| 9 (RLIN) | 373 |
| 700 1# - ENTRADAS SECUNDARIAS - NOMBRE PERSONAL | |
| Nombre personal | Epele, María |
| 9 (RLIN) | 374 |
| 700 1# - ENTRADAS SECUNDARIAS - NOMBRE PERSONAL | |
| Nombre personal | Lignelli, Bárbara |
| 9 (RLIN) | 375 |
| 700 1# - ENTRADAS SECUNDARIAS - NOMBRE PERSONAL | |
| Nombre personal | Rozemblat, Enrique E. |
| 9 (RLIN) | 376 |
| 700 1# - ENTRADAS SECUNDARIAS - NOMBRE PERSONAL | |
| Nombre personal | Solitario, Romina |
| 9 (RLIN) | 377 |
| 700 1# - ENTRADAS SECUNDARIAS - NOMBRE PERSONAL | |
| Nombre personal | Stolkiner, Alicia |
| 9 (RLIN) | 378 |
| 930 ## - NUMERO DE INVENTARIO | |
| Número de inventario | 1849 |
| 942 ## - ADDED ENTRY ELEMENTS (KOHA) | |
| Source of classification or shelving scheme | Dewey Decimal Classification |
| Item type | Libros |
| Estado de retiro | Existencia | Estado general | No para prestamo | Ubicación permanente | ubicación actual | Sala de ubicación | Fecha de adquisición | Total Checkouts | Número de clasificación | Código de barras | Date last seen | Número de ejemplar | Price effective from | Koha tipo de elemento (item) |
|---|---|---|---|---|---|---|---|---|---|---|---|---|---|---|
| Biblioteca Medicina | Biblioteca Medicina | Circulación | 13/05/2011 | 614 51 MAC | 1849 | 06/11/2014 | ej.1 | 13/05/2011 | Libros |